Revista Ceres (Registro nro. 17080)
[ vista simple ]
| 000 -CABECERA | |
|---|---|
| Campo de control | 00222as aa2200097a 44500 |
| 090 ## - CLASIFICACIÓN LOCAL | |
| Colección | SERIADAS |
| Consecutivo | 00950 |
| 041 0# - IDIOMA | |
| Código de idioma para texto/pista de sonido o título separado | |
| 245 10 - MENCION DE TITULO | |
| Título | Revista Ceres |
| 260 ## - PUBLICACION, DISTRIBUCION, ETC. (PIE DE IMPRENTA) | |
| Nombre del editor, distribuidor, etc. | Universidad Federal de Vicosa |
| Lugar de publicación, distribución, etc. | Brasil |
| 942 ## - ELEMENTOS ADICIONALES (KOHA) | |
| Tipo de ítem | Periodica o revista |
| Withdrawn status | Lost status | Damaged status | No para préstamo | Colección | Fecha publicación (Año) | Volumen revista | Número revista | Inventariado | Ubicación Permanente | Ubicación actual | Fecha de adquisición | Total Checkouts | Número topográfico | Inventario / Código de Barras | Date last seen | Ejemplar | Price effective from | Forma de adquisición | Tipo de material | Fuente de Valor |
|---|---|---|---|---|---|---|---|---|---|---|---|---|---|---|---|---|---|---|---|---|
| Hemeroteca | 2004 | 51 | 294 | Inventariado 2017 | Villa de Leyva | Villa de Leyva | 24/05/2005 | SERIADAS 00950 | 018914 | 25/03/2015 | 1 | 25/03/2015 | Periodica o revista | |||||||
| Hemeroteca | 1995 | 242 | Inventariado 2017 | Villa de Leyva | Villa de Leyva | 21/03/2001 | SERIADAS 00950 | 008924 | 25/03/2015 | 1 | 25/03/2015 | Periodica o revista | Desconocido | |||||||
| Hemeroteca | 2000 | 47 | 274 | Inventariado 2017 | Villa de Leyva | Villa de Leyva | 08/06/2001 | SERIADAS 00950 | 008923 | 25/03/2015 | 1 | 25/03/2015 | Periodica o revista | Desconocido |